000
00337nam a2200121Ia 4500
008
191206s9999 xx 000 0 und d
020
_a
9783110264074 (pbk.
090
_a
QD502.C467
245
0
_a
Chemical energy
260
_c
c2013
300
_a
"xx, 479 pages ; illustrations (some color) ; 24 cm"
999
_c
15663
_d
15663